Statistics for Capcom vs. SNK 2: Mark of the Millennium 2001 All Characters

Click here to take the quiz!

General Stats

  • This quiz has been taken 18 times
  • The average score is 36 of 49

Answer Stats

HintAnswer% Correct
CapcomRyu
100%
CapcomAkuma
89%
CapcomCammy White
89%
CapcomChun-Li
89%
CapcomDan Hibiki
89%
SNKGeese Howard
89%
CapcomGuile
89%
CapcomKen Masters
89%
SNKMai Shiranui
89%
CapcomM. Bison
89%
CapcomMorrigan Aensland
89%
CapcomSakura Kasugano
89%
SNKTerry Bogard
89%
SNKAthena Asamiya
78%
CapcomBlanka
78%
CapcomDhalsim
78%
CapcomEdmond Honda
78%
Capcom (Console Only)Evil Ryu
78%
SNKIori Yagami
78%
SNKKyo Kusanagi
78%
SNKRugal Bernstein
78%
SNKRyo Sakazaki
78%
CapcomSagat
78%
Capcom (Boss)Shin Akuma
78%
CapcomYun Lee
78%
CapcomZangief
78%
CapcomBalrog
67%
SNKChang Koehan
67%
CapcomEagle
67%
SNKHaohmaru
67%
SNKJoe Higashi
67%
SNKKim Kaphwan
67%
SNKKing
67%
CapcomKyosuke Kagami
67%
CapcomMaki Genryusai
67%
SNKNakoruru
67%
SNKRaiden
67%
CapcomVega
67%
SNKYuri Sakazaki
67%
SNKBenimaru Nikaido
56%
SNK (Boss)God Rugal
56%
SNKHibiki Takane
56%
SNK (Console Only)Orochi Iori
56%
SNKRock Howard
56%
CapcomRolento Schugerg
56%
SNKVice
56%
SNKChoi Bounge
44%
SNKRyuhaku Todoh
44%
SNKRyuji Yamazaki
44%

Score Distribution

Percentile by Number Answered

Percent of People with Each Score

Your Score History

You have not taken this quiz